عرض عادي
عرض مارك
- Dykes, Michael.
مدخل إسم شخص
001 - رقم الضبط
- حقل الضبط: 36089
003 - معرف رقم الضبط
- حقل الضبط: OSt
005 - تاريخ ووقت أخر عملية
- حقل الضبط: 20130620144147.0
008 - عناصر بيانات ثابتة الطول
- حقل تحكم ثابت الطول: 130620|||a|||||| | ||| d
040 ## - مصدر الفهرسة
- هيئة الفهرسة الأصلية: OSt
- وكالة الكتابة: OSt
100 ## - مدخل -- أسم شخص
- إسم شخص: Dykes, Michael.
- عنوان العمل: Anatomy.
670 ## - بيانات المصدر موجوده
- الاستشهاد بالمصدر: Work cat.: (OSt)0: Stenhouse, Louise. 36088, Anatomy., 2012.
